Alternative agriculture

שמור ב:
מידע ביבליוגרפי
מחבר ראשי: Council for Agricultural Science and Technology
פורמט: ספר
שפה:Undetermined
יצא לאור: Ames, Iowa Washington 1990
נושאים:
תגים: הוספת תג
אין תגיות, היה/י הראשונ/ה לתייג את הרשומה!
Thư viện lưu trữ: Trung tâm Học liệu Trường Đại học Cần Thơ
LEADER 00594nam a2200193Ia 4500
001 CTU_127430
008 210402s9999 xx 000 0 und d
082 |a 630 
082 |b A466 
100 |a Council for Agricultural Science and Technology 
245 0 |a Alternative agriculture 
245 0 |c Council for Agricultural Science and Technology 
260 |a Ames, Iowa 
260 |b Washington 
260 |c 1990 
650 |a Alternative, agriculture,Alternative, agriculture 
650 |z United State 
904 |i Hạ Nguyên 
980 |a Trung tâm Học liệu Trường Đại học Cần Thơ